Základy jednotného podnikového početnictví

Salvato in:
Dettagli Bibliografici
Natura: Libro
Lingua:ceco
Pubblicazione: Trutnov [s.n.] 1948
Tags: Aggiungi Tag
Nessun Tag, puoi essere il primo ad aggiungerne!!

MARC

LEADER 00000nam a2200000 4500
001 0269023
005 20240822101714.1
041 0 |a cze 
044 |a -CS 
245 1 0 |a Základy jednotného podnikového početnictví  |c Vojtěch Pečenka 
264 1 |a Trutnov  |b [s.n.]  |c 1948